000
00328nam a22001217a 4500
999
_c
534774
_d
534774
082
_a
297
100
_a
Ahmed, Zufiqar
245
_a
Ilm Ki Pyass /
_c
Zufiqar Ahmed
260
_6
Faisalabad :
_a
Matabe-ul-Faqeer Publication,
_b
2011.
300
_a
355 p.
942
_2
ddc
_c
BK